00529nam a2200169Ia 4500008004100000020001800041041000800059082001800067100002000085245003600105250000600141260004000147300001200187650002500199999001900224952011600243210716s1984 xx 000 0 und d a0-471-87179-6 aeng a658.4012 AAKD aAaker, David A. aDeveloping business strategies. a1 aNew YorkbJohn Wiley and Sonsc1984 axvi,391 aStrategic Management c199611d199611 00102ddc40738MBAaAIMITbAIMITd2005-10-28l0o658.4012 AAKDpMBA02176r2025-07-21 00:00:00w2021-07-16yBK